Click a Tim Burton Film Quiz Stats

 Plays Quiz Updated Aug 27, 2017

Also try: Depp and Burton
Challenge
Share
Tweet
Score 0/18 Timer 04:00
0 Plays Today
% Correct
Charlie and the Chocolate Factory
96.5%
Planet of the Apes
95.9%
Mars Attacks!
94.5%
Pee-wee's Big Adventure
94.3%
Sweeney Todd: The Demon Barber of Fleet Street
93.2%
Beetlejuice
92.6%
Corpse Bride
92.6%
Edward Scissorhands
92.2%
Frankenweenie
91.9%
% Correct
Miss Peregrine's Home for Peculiar Children
91.6%
Alice in Wonderland
90.3%
Batman
89.9%
Dark Shadows
85.8%
Ed Wood
85.3%
Big Eyes
84.7%
Sleepy Hollow
82.9%
Batman Returns
80.2%
Big Fish
79.2%

You're not logged in!

Compare scores with friends on all Sporcle quizzes.
Join for Free
OR
Log In

You Might Also Like...

Show Comments

Extras

Top Quizzes Today


Score Distribution

Your Account Isn't Verified!

In order to create a playlist on Sporcle, you need to verify the email address you used during registration. Go to your Sporcle Settings to finish the process.

Report this User

Report this user for behavior that violates our Community Guidelines.

Details: